Oracle database 10g:Program with PL/SQL : Oracle 10g curriculum, PL/SQL section

Đã lưu trong:
Bibliografiske detaljer
Format: Bog
Sprog:Undetermined
Udgivet: Australia Thomson 2004
Fag:
Tags: Tilføj Tag
Ingen Tags, Vær først til at tagge denne postø!
Thư viện lưu trữ: Trung tâm Học liệu Trường Đại học Cần Thơ
LEADER 00602nam a2200193Ia 4500
001 CTU_96234
008 210402s9999 xx 000 0 und d
020 |c 1930000 
082 |a 005.13 
082 |b O.63/P.1 
245 0 |a Oracle database 10g:Program with PL/SQL : 
245 0 |b Oracle 10g curriculum, PL/SQL section 
260 |a Australia 
260 |b Thomson 
260 |c 2004 
650 |a Oracle (Computer file),SQL (Computer program language) 
904 |i Hiếu 
910 |a Sách kèm theo đĩa CD có số: AV.001954 
980 |a Trung tâm Học liệu Trường Đại học Cần Thơ